Irrigation Engineering / (Record no. 9725)
[ view plain ]
| 000 -LEADER | |
|---|---|
| fixed length control field | 00526nac a22001691u 4500 |
| 020 ## - INTERNATIONAL STANDARD BOOK NUMBER | |
| International Standard Book Number | 81258794314 |
| 082 ## - DEWEY DECIMAL CLASSIFICATION NUMBER | |
| Classification number | 627.52 |
| Item number | SAH |
| 090 ## - LOCALLY ASSIGNED LC-TYPE CALL NUMBER (OCLC); LOCAL CALL NUMBER (OCLC) | |
| -- | 9725 |
| -- | 9725 |
| 100 ## - MAIN ENTRY--PERSONAL NAME | |
| Personal name | Sahasrabudhe, S.R. |
| 245 ## - TITLE STATEMENT | |
| Title | Irrigation Engineering / |
| Statement of responsibility, etc | S.R. Sahasrabudhe |
| 260 ## - PUBLICATION, DISTRIBUTION, ETC. (IMPRINT) | |
| Place of publication, distribution, etc | Delhi: |
| Name of publisher, distributor, etc | S.K. Kataria & Sons,C.2000. |
| Date of publication, distribution, etc | C.2000. |
| 300 ## - PHYSICAL DESCRIPTION | |
| Extent | 429: |
| Other physical details | ill; |
| Dimensions | 20cm. |
| 500 ## - GENERAL NOTE | |
| General note | Distributer: Al-Ahram. |
| 511 ## - PARTICIPANT OR PERFORMER NOTE | |
| Participant or performer note | Catalogued By: Mahitab. |
| 650 ## - SUBJECT ADDED ENTRY--TOPICAL TERM | |
| Topical term or geographic name as entry element | Irrigation engineering. |
| 942 ## - ADDED ENTRY ELEMENTS (KOHA) | |
| Item type | Book - Borrowing |
| Call number prefix | 627.52SAH |
| Withdrawn status | Item status | Damaged status | Not for loan | Home library | Current library | Shelving location | Date acquired | Source of acquisition | Total Checkouts | Full call number | Barcode | Date last seen | Date last borrowed | Cost, replacement price | Koha item type |
|---|---|---|---|---|---|---|---|---|---|---|---|---|---|---|---|
| Central Library | Central Library | First floor | 01/06/2008 | Purchase | 1 | 627.52SAH | 000011659 | 15/07/2025 | 06/09/2016 | 38.00 | Book - Borrowing |